[Event "Gornozavodsk-ch 8th okrug op"]
[Site "Nizhnij Tagil"]
[Date "2007.07.28"]
[Round "5"]
[White "Ganeev, Sergey"]
[Black "Povodyr, Alexander"]
[Result "1-0"]
[WhiteElo "1947"]
[BlackElo "1960"]
[PlyCount "103"]
[EventDate "2007.07.24"]
[EventType "swiss"]
[EventRounds "9"]
[EventCountry "RUS"]
[SourceTitle "EXT 2022"]
[Source "ChessBase"]
[SourceDate "2021.10.06"]
[SourceVersion "1"]
[SourceVersionDate "2021.10.06"]
[SourceQuality "1"]

1. e4 Nc6 2. Nc3 e5 3. Bc4 Nf6 4. d3 Be7 5. f4 d6 6. Nf3 Bg4 7. 0-0 0-0 8. h3 Bxf3 9. Qxf3 Nd4 10. Qf2 c6 11. a4 a6 12. Be3 b5 13. fxe5 dxe5 14. axb5 axb5 15. Ba2 b4 16. Bxd4 exd4 17. Ne2 Bc5 18. Qf5 Be7 19. Nf4 Kh8 20. Bc4 Rxa1 21. Rxa1 g6 22. Qa5 Qb8 23. Ne2 c5 24. Qa7 Qe5 25. Qb7 Kg7 26. Ra8 Rxa8 27. Qxa8 h5 28. Qb7 g5 29. Ng3 Qxg3 30. Qxe7 Qe3+ 31. Kf1 Qc1+ 32. Ke2 Qxc2+ 33. Kf3 g4+ 34. Kg3 h4+ 35. Kxh4 Qf2+ 36. g3 Nh7 37. Kxg4 Qe2+ 38. Kh4 Qf2 39. Qxc5 Qf6+ 40. Kg4 Qd8 41. Qf5 Qc7 42. h4 Nf6+ 43. Kf3 Qe7 44. Kf4 Qc7+ 45. e5 Ne8 46. h5 f6 47. Qg6+ Kf8 48. Qg8+ Ke7 49. Qf7+ Kd8 50. Qxc7+ Kxc7 51. h6 fxe5+ 52. Kxe5 1-0

[Event "Gornozavodsk-ch 8th okrug op"]
[Site "Nizhnij Tagil"]
[Date "2007.07.24"]
[Round "1"]
[White "Nurtdinov, Radik"]
[Black "Ganeev, Sergey"]
[Result "1-0"]
[WhiteElo "2105"]
[BlackElo "1947"]
[PlyCount "61"]
[EventDate "2007.07.24"]
[EventType "swiss"]
[EventRounds "9"]
[EventCountry "RUS"]
[SourceTitle "EXT 2022"]
[Source "ChessBase"]
[SourceDate "2021.10.06"]
[SourceVersion "1"]
[SourceVersionDate "2021.10.06"]
[SourceQuality "1"]

1. e4 e5 2. Nc3 Nc6 3. f4 exf4 4. Nf3 d6 5. d4 g5 6. h4 g4 7. Ng1 Bh6 8. Bb5 Bd7 9. Nge2 f3 10. gxf3 gxf3 11. Ng1 f2+ 12. Kxf2 Bxc1 13. Rxc1 Qf6+ 14. Nf3 0-0-0 15. Nd5 Qh6 16. Qd3 Nf6 17. Bxc6 Bxc6 18. Ne7+ Kb8 19. Nxc6+ bxc6 20. Ng5 Rhg8 21. Rce1 Rde8 22. Rh3 Ng4+ 23. Kg2 f6 24. Qa6 Ka8 25. Ra3 Ne3+ 26. Rexe3 Rxg5+ 27. hxg5 Qxg5+ 28. Kf2 Qf4+ 29. Ke2 Qg4+ 30. Kd2 Qg2+ 31. Kc3 1-0